00792cam a22002054a 4500020003600000020003500036040000800071082002600079100001900105245008900124260004400213300002800257650001400285650003000299700002000329856006600349942000700415999001700422952014700439 a1559638346 (cloth : alk. paper) a1559638354 (pbk. : alk. paper) cDLC00a338 ISL 2001 A011 Or.1 aMyers, Norman.10aPerverse subsidies :bhow tax dollars can undercut the environment and the economy / aWashington, DC :bIsland Press,cc2001. axviii, 277 p. ;c23 cm. 0aSubsidies 0aEnvironmental degradation1 aKent, Jennifer,42uhttp://www.loc.gov/catdir/enhancements/fy0666/00012384-d.html cEK c13343d13343 0010406338_000000000000000_ISL_2001_A011_OR70964227aLBAbLBAcA011d2017-08-24o338 ISL 2001 A011 Or.pA20408r2017-08-24w2017-08-24yEK